00815nam a2200229Ia 4500952010100000952010100101999001700202008004100219020001500260050002000275082002700295100003100322245008500353250001800438260003400456300001800490490002500508519000900533650001600542650002000558942000700578 00104070a01b01d2007-01-25l0o086.1 S479C V.254 1984p01 002430r2012-06-24w2012-06-24yLB 00102lcc4070a01b01d2022-11-23l0oPG3464.E8 M34p16 003250r2023-07-13t1w2022-11-23yLB c55254d55254120622s1984 mx 000 0 spa d a9684322232 aPG3464.E8 bM34 a086.1 S479c v.254 1984 aGorki, Máximo, 1868-1936 aLa madre ; Mis confesiones c/ Máximo Gorki ; pról. de Rosa María Phillips a8a. edición aMéxico b: Porrúac, 1984 a331 páginas aSepan cuantosv: 254 a d  0aNOVELA RUSA 0aLITERATURA RUSA cLB